MDQL
is popping MORE tags! Check the
thread
!
Quizzes
Events
Quiz Creation
Community
Videos
Private Events
Remove Ads
Sign In
Join for FREE
Feedback
Dark Mode
Quiz Categories
Sports
Geography
Music
Movies
Television
Just For Fun
Miscellaneous
History
Literature
Language
Science
Gaming
Entertainment
Religion
Holiday
For Kids
Quiz Lab
Recent
Popular Today
Quiz Kudos Today
Editor Picks
Curator Picks
Quizzes by...
Day
Popularity
Type
Ratings
Length
Year
Community
Subscriptions
Recent Discussions
Orange Saloon
Badges
Playlists
Quests
Create
Leaderboards
Showdown
Live 5
Trivia Bingo
Activity
Puzzle Library
Sporcle Events
Private Events
Virtual Trivia
Globe League
Become a Host
Pub Owners
SporcleCon
Opinionation
Our Games
Videos
Blog
Mobile Apps
Partnerships
Remove Ads and Go Orange
Feedback
Music
Pop Music
The Beatles
Song
Album
Lyrics
Bands
Singers
Artist
Clip
Rock
Rap
Classical
Billboard
Country Music
Kpop
Taylor Swift
Music
Pop Music
The Beatles
Song
Album
Lyrics
Bands
Singers
Artist
Clip
Rock
Rap
Classical
Billboard
Country Music
Kpop
Taylor Swift
Random Quiz
Search Sporcle
×
Quiz Lab
Quiz Lab
Music
Lyrics
Type in answers that appear in a list
Type in answers that appear in a list
Classic
Best Score? Go Orange.
Charlie Brown (Coasters) lyrics Stats
Can you name the Charlie Brown (Coasters) lyrics?
By
brownfinger
10m
142 Questions
83 Plays
83 Plays
83 Plays
Comments
Comments
Give Quiz Kudos
Give Quiz Kudos
-
- Ratings
hide this ad
Replay
Link that replays current quiz
Next Quiz
Link to next quiz in quiz playlist
You Got
0%
They Got
Avg Score
78%
Avg Friend Score
Upgrade to see
Score Distribution
Jump to the score distribution portion of the page
Score
0/142
Timer
10:00
0
Plays Today
Answer
% Correct
a
96.3%
a
96.3%
a
96.3%
I
92.7%
I
92.7%
the
90.2%
Charlie
90.2%
Brown
90.2%
Charlie
90.2%
Brown
90.2%
Charlie
90.2%
Brown
90.2%
the
90.2%
Charlie
90.2%
Brown
90.2%
Charlie
90.2%
Brown
90.2%
Charlie
90.2%
Brown
90.2%
the
90.2%
the
90.2%
the
90.2%
the
90.2%
Charlie
90.2%
Brown
90.2%
Charlie
90.2%
Brown
90.2%
Charlie
90.2%
Brown
90.2%
you
89%
and
89%
me)
89%
you
89%
and
89%
me)
89%
me)
89%
you
89%
and
89%
you
89%
and
89%
me)
89%
he's
87.8%
that
87.8%
he's
87.8%
on
87.8%
on
87.8%
he's
87.8%
that
87.8%
Answer
% Correct
he's
87.8%
on
87.8%
on
87.8%
he's
87.8%
that
87.8%
he's
87.8%
on
87.8%
(why's
86.6%
everybody
86.6%
always
86.6%
(why's
86.6%
everybody
86.6%
always
86.6%
always
86.6%
always
86.6%
always
86.6%
(why's
86.6%
everybody
86.6%
always
86.6%
clown
85.4%
pickin'
85.4%
clown
85.4%
pickin'
85.4%
clown
85.4%
pickin'
85.4%
in
84.1%
see
84.1%
in
84.1%
see
84.1%
in
84.1%
in
84.1%
see
84.1%
gonna
82.9%
wait
82.9%
gonna
82.9%
wait
82.9%
gonna
82.9%
wait
82.9%
get
81.7%
get
81.7%
who
81.7%
(who
81.7%
who
81.7%
who
81.7%
get
81.7%
just
80.5%
just
80.5%
just
80.5%
Answer
% Correct
caught
78%
caught
78%
caught
78%
teacher
75.6%
daddy-o
70.7%
fo
69.5%
fo
69.5%
classroom
69.5%
fi
68.3%
fi
68.3%
who's
68.3%
who's
68.3%
who's
68.3%
yeah
68.3%
cool
68.3%
slow
68.3%
calls
68.3%
walks
67.1%
English
67.1%
fee
65.9%
fee
65.9%
fum
65.9%
auditorium
65.9%
smell
63.4%
smoke
63.4%
hall
61%
That's
59.8%
that's
59.8%
know
58.5%
wall
57.3%
come
54.9%
writin'
54.9%
him
53.7%
him
53.7%
boys'
51.2%
gym
50%
7
47.6%
his
46.3%
11
46.3%
yellin'
43.9%
down
43.9%
spitballs
39%
throwin'
37.8%
goofin'
36.6%
knees
31.7%
guess
30.5%
Quiz Playlist
Details
Report
Send in Message
Add To Playlist
Classic:
Type in answers that appear in a list
Quiz Source
Last Updated: Feb 16, 2017
Quiz Scoreboard
CHALLENGE
Sign Up to Join the Scoreboard
Show All
Scores
Hide
Comments
May contain spoilers
Recently Published
Street Fighter Characters
by Artimus82
Gaming
60s
9x9 Crossword: Cartoon Network
by jackfrog10
Miscellaneous
3m
College Basketball Coaching Resumes
by pancakes188
Sports
9m
More to Explore
Quiz From the Vault
Featured Blog Post
Where Did the Easter Bunny Come From?
hide this ad
You Might Also Like...
Tags
Lyrics Quiz
Charlie Brown
Today's Top Quizzes in Music
Browse Music
hide this ad
Today's Top Quizzes in Lyrics
Browse Lyrics
Top Contributed Quizzes in Music
1
Taylor Swift All Songs (2024)
2
Taylor Swift Logic Puzzle
3
Guess the Artist- 70s Songs
4
7-to-1: Billboard Hot 100 #1 Hits of 2010s
5
Sorting Albums and Songs
6
KPOP LOGIC QUIZ
7
Guess the Taylor Swift song (Mystery Song)
8
Guess The Taylor Swift Lyrics Song #1
9
Billboard Blitz: ABBA
10
Billboard Blitz: The Beatles
Explore More
Trending Topics
Harry Potter
Disney
Marvel
Crossword
NBA
Kpop
Anime
The Office
Soccer
Song
Pokémon
Puzzle
WWE
NFL
Country
hide this ad
More By:
brownfinger
Quiz
Plays
Rating
Category
Featured
Created
MLB Best WAR 'Decades' (Hitters)
42,431
4.72
Sports
Sep 9, 2014
MLB - Most WAR, no Top 10 MVP finish
2,816
4.85
Sports
May 26, 2015
MLB Win Leaders (1970s)
2,615
4.58
Sports
Nov 14, 2009
MLB - Best Pitching WAR for 10 Consecutive Years
2,241
4.87
Sports
Sep 9, 2014
MLB - Most WAR, 1-Time All-Star
2,148
4.60
Sports
Jun 15, 2016
Go to Creator's Profile
Score Distribution
Quiz Creator Spotlight
brownfinger
Follow
Send a Message
Quizzes Created
-
Created Quiz Play Count
-
More By This Creator
Popular Quizzes Today
1
Find the US States - No Outlines Minefield
2
Find the Countries of Europe - No Outlines Minefield
3
The Countries of the World
4
Find the US States
5
Risky Map Clicking: Biggest States A-Z
6
US States
7
Popular People in 1961
8
Movies - When Are They Set?
More Music Quizzes
Artist by First #1 Hit V
Published
Trending Quizzes
Risky Map Clicking: Least Populous States A-Z
Countries of the World: 200 Million BC
1-10 Letter G Words
Risky Map Clicking: Next State Alphabetically
Adjectives in 80s TV Shows
Recently Updated
Leaping Animals
pecheneg
Reality TV Shows (A-Z)
bhenderson79
Rickey Henderson's Hall of Fame Teammates
pecheneg
Champions League XIs: Arsenal
pecheneg
Quick Pick: Celebrities in WWE's Hall of Fame
aduchscher
A-Z Keypad Blitz II
pecheneg
Multiple Oscar Actors
pecheneg
Mystery Phrase Blitz: Oscar 'Best Actors'
pecheneg
F. Scott Fitzgerald Novels
LTH
Pick 3 Villains
ddd62291
Trending Topics
Kpop
NBA
Crossword
Disney
Anime
Harry Potter
Marvel
Pokémon
Song
Soccer
Puzzle
Country
WWE
The Office
NFL
Your Account Isn't Verified!
In order to create a playlist on Sporcle, you need to verify the email address you used during registration. Go to your
Sporcle Settings
to finish the process.
Report this User
Report this user for behavior that violates our
Community Guidelines
.
Details:
Send Report
Go to the Sporcle.com Mobile Site →
Comments